Historia de la literatura latina
Guardat en:
| Autor principal: | |
|---|---|
| Format: | Llibre |
| Idioma: | espanyol |
| Publicat: |
Ciudad de México
Fondo de Cultura Económica
1953
|
| Edició: | 2a. ed |
| Col·lecció: | Breviarios, 33
|
| Matèries: | |
| Etiquetes: |
Afegir etiqueta
Sense etiquetes, Sigues el primer a etiquetar aquest registre!
|
MARC
| LEADER | 00000cam a2200000 a 4500 | ||
|---|---|---|---|
| 001 | UCE4201 | ||
| 003 | CL-VaPUC | ||
| 008 | 141016e19530000mx |||||||||||||||||spa|d | ||
| 082 | 0 | 4 | |a 870.9 |b MIL |2 21 |
| 100 | |a Millares Carlo, Agustín |e autor |9 576788 | ||
| 245 | 1 | 0 | |a Historia de la literatura latina |
| 250 | |a 2a. ed | ||
| 300 | |a 252 p | ||
| 942 | |c BK | ||
| 945 | |d 20141016 12:02:00 |a dcastane | ||
| 260 | |a Ciudad de México |b Fondo de Cultura Económica |c 1953 | ||
| 650 | 0 | |a Literatura latina |9 258055 | |
| 650 | 0 | |a Historia y crítica |9 257407 | |
| 583 | |a last modification |c 20141016 12:02:00 |k Rodrigo Vera | ||
| 490 | 0 | |a Breviarios, 33 | |
| 999 | |c 357242 |d 357240 | ||
| 952 | |0 0 |1 0 |3 erd |4 0 |6 870_900000000000000_MIL_1953 |7 0 |8 A |9 465109 |a BIBART |b BIBART |i 5039738 |o 870.9 MIL 1953 |p 5039738 |r 2025-03-13 |w 2019-11-23 |y BK |z Catalogado en:20141016 |k ART | ||